| 000 | 01014nam a22003377a 4500 | ||
|---|---|---|---|
| 001 | 00526 | ||
| 003 | DO-SdBPM | ||
| 005 | 20250910135725.0 | ||
| 007 | ta | ||
| 008 | 160610b2014 ag || 00| 0 spa d | ||
| 020 | _a9786074004298 | ||
| 040 |
_aDO-SdBPM _bspa _cBPMSU _erda |
||
| 082 | 4 |
_a158.1 _bB918c 2014 _222 |
|
| 100 | 1 |
_aBucay, Jorge, _d1949- _eautor |
|
| 245 | 1 | 3 |
_aEl camino de la felicidad / _cJorge Bucay. |
| 260 | _c | ||
| 264 |
_aBuenos Aires, Argentina : _bEditorial del Nuevo Extremo, _c2014 |
||
| 300 |
_a197 paginas : _c21 cm. |
||
| 336 |
_atexto _btxt _2rdacontent |
||
| 337 |
_asin meditación _bn _2rdamedia |
||
| 338 |
_avolument _bnc _2rdacarrier |
||
| 490 | 0 | _aColección Hojas de ruta | |
| 500 | _a | ||
| 504 | _aBibliografía (páginas 221-222) | ||
| 590 | _aInventariado, 2025/VM | ||
| 650 | 7 | _aPsicología aplicada | |
| 650 | 7 | _aPsicología individual | |
| 650 | 7 | _a Autorrealización (Psicología) | |
| 910 | _aVMateo V. Control de calidad. BPMSU | ||
| 942 |
_2ddc _cBK |
||
| 999 |
_c15381 _d15381 |
||